Artículos de costumbres

Guardat en:
Dades bibliogràfiques
Autors principals: Vallejo, José Joaquín (Autor), Jotabeche (Autor)
Format: Llibre
Idioma:espanyol
Publicat: Valparaíso Imprenta y Litografía Universo 1936
Col·lecció:Colección Antena, 10
Matèries:
Etiquetes: Afegir etiqueta
Sense etiquetes, Sigues el primer a etiquetar aquest registre!

MARC

LEADER 00000nam a2200000 a 4500
001 UCQ6566
003 CL-VaPUC
008 981016e19360000CL |||||||||||||||||spa|d
082 0 4 |a Ch864  |b VAL  |2 21 
100 0 |a Vallejo, José Joaquín  |e author  |9 420325 
700 0 |a Jotabeche  |e author  |9 420326 
245 1 0 |a Artículos de costumbres 
300 |a 123 p 
942 |c BK 
945 |d 19981016 00:00:00  |a lriquelm 
260 |a Valparaíso  |b Imprenta y Litografía Universo  |c 1936 
650 0 |a Ensayos chilenos   |9 269132 
650 0 |a Literatura chilena   |9 308278 
583 |a last modification  |c 19981016 00:00:00  |k Rodrigo Vera 
490 0 |a Colección Antena, 10 
999 |c 276516  |d 276514 
952 |0 0  |1 0  |4 0  |6 CH_864_000000000000000_VAL_1936  |7 0  |8 A  |9 313788  |a BIBEDU  |b BIBEDU  |d 2019-11-20  |i 1478478  |o Ch864 VAL 1936  |p 1478478  |r 2019-11-20  |w 2019-11-20  |y BK  |k LIT